| 000 | 00756nam a22002537a 4500 | ||
|---|---|---|---|
| 001 | 22134 | ||
| 005 | 20260331113536.0 | ||
| 008 | 260325b |||||||| |||| 00| 0 spa d | ||
| 020 | _a9798349700125 | ||
| 041 | _aING | ||
| 082 |
_a421.071 _bK22 |
||
| 100 | _a, | ||
| 110 | _aKaplan North America | ||
| 245 |
_aTOEFL iBT : _bpremium plus 2026 |
||
| 260 |
_aFort Lauderdale : _bKaplan North America, _c2025 |
||
| 300 |
_a143 páginas : _c28 cm. |
||
| 440 | _a ; | ||
| 650 | _aLEN | ||
| 653 | _aInglés - Estudio y enseñanza; Toefl - Exámenes | ||
| 654 | _aCTP | ||
| 700 | _a; | ||
| 856 |
_uhttps://itmsp.museknowledge.com/UCSP?groupID=2&action=source&sourceID=JSTOR_org_IP _zVéase además: Base de datos JSTOR |
||
| 942 |
_cLIB _dJUS _fTRC _n0 _2ddc |
||
| 999 |
_c22134 _d22134 |
||